Cambiazo: el último pirata del Estrecho

Uloženo v:
Podrobná bibliografie
Hlavní autor: Braun Menéndez, Armando (Autor)
Médium: Kniha
Jazyk:španělština
Vydáno: Santiago Francisco de Aguirre 1971
Edice:Biblioteca Francisco de Aguirre, 22. Cruz del Sur, 4
Témata:
Tagy: Přidat tag
Žádné tagy, Buďte první, kdo vytvoří štítek k tomuto záznamu!

MARC

LEADER 00000cam a2200000 a 4500
001 UCF5980
003 CL-VaPUC
008 130404e19710000CL |||||||||||||||||spa|d
082 0 4 |a 983.6  |b BRA  |2 21 
100 0 |a Braun Menéndez, Armando  |e author  |9 513250 
245 1 0 |a Cambiazo: el último pirata del Estrecho 
300 |a 292 p 
942 |c BK 
945 |d 20130404 00:00:00  |a dcastane 
260 |a Santiago  |b Francisco de Aguirre  |c 1971 
650 0 |a Historia de Chile  |9 265473 
650 7 |a PATAGONIA  |2 CL-VaPUC  |9 505661 
650 7 |a PIRATAS  |2 CL-VaPUC  |9 317855 
651 0 |a Magallanes  |9 265180 
651 7 |a PUNTA ARENAS  |2 CL-VaPUC  |9 314722 
583 |a last modification  |c 20130404 09:53:00  |k Rodrigo Vera 
490 0 |a Biblioteca Francisco de Aguirre, 22. Cruz del Sur, 4 
999 |c 351373  |d 351371 
952 |0 0  |1 0  |4 0  |6 983_600000000000000_BRA_1971  |7 0  |8 A  |9 455422  |a BIBHIS  |b BIBHIS  |d 2019-11-22  |i 4960734  |o 983.6 BRA 1971  |p 4960734  |r 2025-01-20  |w 2019-11-22  |y BK  |k HIS